000 00986nam a22003017a 4500
001 BR8404047
003 BR-BrBNA
005 20230928092009.0
007 ta
008 230509b bl.||||| |||| 00| 0 por d
040 _aBR-BrBNA
_bpor
_cBiblioteca Nacional de Agricultura
041 _a(Por)
072 _aQ20
_b/G514
090 _ Q20 BR8404047
110 1 _aInstituto Nacional de Alimentacao e Nutricao, Brasilia, DF (Brasil);
_96395
110 1 _aInstituto Adolfo Lutz, Sao Paulo, SP (Brasil)
_95619
111 1 _a1. Encontro Nacional de Analistas de Alimentos
_cBrasilia, DF (Brazil)
_d4-7 Dec 1984
245 1 _aMemoria do 1. Encontro Nacional de Analistas de Alimentos [Brasil]
260 3 _aBrasilia, DF (Brasil):
_c1984.
300 _a102 p.
650 _aANALISE DE ALIMENTO
650 _aINSPECAO SANITARIA
650 _aMICROBIOLOGIA
650 _aCONTROLE DE QUALIDADE
650 _aMICROSCOPIA OTICA
909 _a202309
_bLucia
_c55
_dLucia Elande
942 _cBK
999 _c36610
_d36610